Keeping up appearances - Quotes - Statistics

General Stats
  • This quiz has been taken 135 times
  • The average score is 10 of 19
Answer Stats
Said by Quote Answer % Correct
Emmet She'll ___ at me. sing
91%
Reverend Oh Damn! It's the ______ woman. Bucket
89%
Hyacinth It's _______. B-U-C-K-E-T Bouquet
82%
Onslow What discourages me about looking for your father is we usually _____ him. find
78%
Hyacinth I wish Rose would settle down and find a _______. One of her own, I mean, not somebody else's. husband
67%
Onslow Oh,____! nice
64%
Elizabeth I didn't say anything! When does one ever say anything? We're just expected! Oh, don't ___, Emmet! I hate it when you ___! cry
61%
Rose I want to be a ___! Put me down; I want to be a ___! nun
57%
Elizabeth I'm surprised you want my opinion, Hyacinth, about anything. I seem to go to ______ on these premises. pieces
55%
Richard How does she manage never to ______? I wish I could get the hang of it! listen
48%
Hyacinth No! I do *not* mean riverside picnic, Richard. I mean waterside supper with ________ entertainments. riparian
42%
Onslow I'm sitting here completely surrounded by __ ____. no beer
39%
Emmet If I hear the word _____ from that woman just once more, I swear I'll buy a U-Boat. yacht
34%
Hyacinth If there's one thing I can't stand, it's snobbery and one-upmanship. People trying to pretend they're ________. Makes it so much harder for those of us who really are. superior
31%
Elizabeth Oh, I can SAY ______, I just can't hold it still. It leaps about at Hyacinth's. Never happens anywhere else. coffee
30%
Emmet If she comes back here without finding a ________, then... then we'll have to help her look for something! property
30%
Richard Oh, don't ask me. You know me - I didn't even notice when your _____ was on fire! father
29%
Hyacinth When you have to choose between ______ _______ ___ and Lucifer Grey, you need the spiritual advice. Angel Gabriel Blue
24%
Richard All we own is a small apartment, and when I say small, I mean ____. micro
20%
No matching quizzes found
Score Distribution
Percent of People with Each Score
Percentile by Number Answered
Your Score History
You have not taken this quiz